| 000 | 00739cam a22002291 4500 | ||
|---|---|---|---|
| 001 | gs 13000427 | ||
| 003 | DLC | ||
| 005 | 20260227111314.0 | ||
| 008 | 780215s1888 fr f 000 0 fre | ||
| 010 | _ags 13000427 | ||
| 035 | _a(OCoLC)3641580 | ||
| 040 |
_aDLC _cCCC _dMiU _dDLC |
||
| 042 | _apremarc | ||
| 050 | 0 | 0 |
_aGB401 _b.F8 |
| 100 | 2 |
_aLa Noë, Gaston Ovide de, _d1836-1902. |
|
| 245 | 1 | 4 |
_aLes formes du terrain, _cpar G. de La Noë, avec la collaboration de Emm. de Margerie. |
| 260 |
_aParis, _bImprimerie Nationale, _c1888. |
||
| 300 |
_avii, 205 p. _b49 plates. _c28 cm. |
||
| 500 | _aAt head of title: "Service géographique de l'armée." | ||
| 650 | 0 | _aPhysical geography. | |
| 700 | 1 |
_aMargerie, Emmanuel de, _d1862-1953. |
|
| 999 |
_c25260 _d25260 |
||